Экстремальное замедление световых импульсов в атомных ловушках: полуклассическая теория; Журнал экспериментальной и теоретической физики; Т. 125, вып. 6

Библиографические подробности
Источник:Журнал экспериментальной и теоретической физики=ЖЭТФ/ Российская академия наук (РАН) ; Отделение физических наук РАН.— , 1931-.— 0044-4510
Т. 125, вып. 6.— 2004.— с. 1276-1282
Главный автор: Васильев Н. А.
Другие авторы: Трошин А. С.
Язык:русский
Опубликовано: 2004
Серии:Атомы, спектры, излучение
Предметы:
Формат: MixedMaterials Статья
Запись в KOHA:https://koha.lib.tpu.ru/cgi-bin/koha/opac-detail.pl?biblionumber=431728

MARC

LEADER 00000naa2a2200000 4500
001 431728
005 20231101075414.0
035 |a (RuTPU)RU\TPU\prd\91890 
035 |a RU\TPU\prd\30859 
090 |a 431728 
100 |a 20101202a2004 k y0rusy50 ca 
101 0 |a rus 
102 |a RU 
200 1 |a Экстремальное замедление световых импульсов в атомных ловушках: полуклассическая теория  |f Н. А. Васильев, А. С. Трошин 
225 1 |a Атомы, спектры, излучение 
320 |a Библиогр.: 18 назв. 
461 1 |0 (RuTPU)RU\TPU\prd\1443  |x 0044-4510  |t Журнал экспериментальной и теоретической физики  |l ЖЭТФ  |f Российская академия наук (РАН) ; Отделение физических наук РАН  |d 1931- 
463 1 |0 (RuTPU)RU\TPU\prd\91885  |t Т. 125, вып. 6  |v с. 1276-1282  |d 2004 
610 1 |a уравнения Максвелла-Блоха 
610 1 |a световые импульсы 
610 1 |a атомные ловушки 
610 1 |a взаимодействия 
610 1 |a холодный атомарный газ 
610 1 |a замедление 
700 1 |a Васильев  |b Н. А. 
701 1 |a Трошин  |b А. С. 
801 1 |a RU  |b 63413507  |c 20041208  |g PSBO 
801 2 |a RU  |b 63413507  |c 20151007  |g RCR 
942 |c BK